| 000 | 005170000a22002170004500 | ||
|---|---|---|---|
| 003 | LK-CoMWRAF | ||
| 008 | 230817t ||||| |||| 00| 0 eng d | ||
| 040 |
_aLK-CoMWRAF _dLK-CoMWRAF _eLK-CoMWRAF |
||
| 041 | _aeng | ||
| 082 |
_a060 _bPUB |
||
| 245 |
_aPublic investment 1991-1995 _b |
||
| 260 |
_aColombo _bNat.Planning _c1991 |
||
| 300 | _ap.141 | ||
| 650 | _aAgriculture | ||
| 650 | _aEconomic | ||
| 650 | _aHRM | ||
| 650 | _aHuman Settlements | ||
| 650 | _aIndustries | ||
| 650 | _aStatistics | ||
| 942 | _cBK | ||
| 999 |
_c2679 _d2679 |
||